[Event "Ch Hungary (team) 1992/93"]
[Site "masterchessopen.com – Hungary"]
[Round "0"]
[White "Kosztolanczi Gyula (HUN)"]
[Black "Istvanovski Kalman (HUN)"]
[Result "1-0"]
[WhiteElo "2110"]
[BlackElo "2235"]

1.e4 c5 2.Nf3 d6 3.d4 cxd4 4.Nxd4 Nc6 5.Bc4 Nf6 6.Nc3 a6 7.Nxc6 bxc6 8.e5 d5
9.Bb3 Nd7 10.Nxd5 Nxe5 11.Bf4 Qd6 12.Qh5 cxd5 13.Bxe5 Qb4+ 14.Bc3 Qe4+ 15.Kf1
Be6 16.Re1 Qg6 17.Ba4+ Kd8 18.Ba5+ Kc8 19.Qe5 Ra7 20.Re3 {#r} 1-0

[Event "Ch Hungary (team) 1993/94"]
[Site "masterchessopen.com – Hungary"]
[Round "0"]
[White "Czebe Attila (HUN)"]
[Black "Sarosi Zoltan (HUN)"]
[Result "1-0"]
[WhiteElo "2513"]
[BlackElo "2297"]

1.e4 c5 2.Nf3 Nc6 3.d4 cxd4 4.Nxd4 Nf6 5.Nc3 d6 6.Bc4 Qb6 7.Ndb5 a6 8.Be3 Qa5
9.Nd4 Ng4 10.O-O Nxe3 11.fxe3 Ne5 12.Qh5 e6 13.Bxe6 Bxe6 14.Nxe6 g6 15.Qh3 Be7
16.Nd5 fxe6 17.Qxe6 {#r} 1-0

[Event "It (open)"]
[Site "masterchessopen.com – Muenster (Germany)"]
[Round "3"]
[White "Kilian Ralf (GER)"]
[Black "Lagunow Alexander (GER)"]
[Result "0-1"]
[WhiteElo "2279"]
[BlackElo "2430"]

1.e4 c5 2.Nf3 d6 3.d4 cxd4 4.Nxd4 Nf6 5.Nc3 Nc6 6.Bc4 Qb6 7.Nb3 e6 8.O-O Be7
9.Be3 Qc7 10.Be2 a6 11.f4 b5 12.Bf3 Bb7 13.Qe2 O-O 14.g4 Na5 15.Nxa5 Qxa5
16.g5 Nd7 17.a3 Rfe8 18.Bg2 Rac8 19.h4 b4 20.axb4 Qxb4 21.h5 d5 22.g6 d4
23.gxf7+ Kxf7 24.f5 e5 25.Na2 Qc4 26.Qxc4+ Rxc4 27.Bc1 {#R} 0-1

[Event "Ch USA (juniors)"]
[Site "masterchessopen.com – New York (USA)"]
[Round "0"]
[White "Kreiman Boris (USA)"]
[Black "Waitzkin Joshua (USA)"]
[Result "1-0"]
[WhiteElo "2482"]
[BlackElo "2464"]

1.e4 c5 2.Nf3 Nc6 3.d4 cxd4 4.Nxd4 Nf6 5.Nc3 d6 6.Bc4 Qb6 7.Nde2 e6 8.a3 Be7
9.O-O a6 10.Ba2 O-O 11.Kh1 Qc7 12.f4 b5 13.f5 Ne5 14.fxe6 fxe6 15.Nd4 Nc4
16.Qd3 Bd7 17.a4 Ng4 18.Bf4 Nge5 19.Qh3 b4 20.Nxe6 Qc8 21.Nd5 Bd8 22.Bxc4 Qxc4
23.b3 Qxe4 24.Bxe5 Rxf1+ 25.Rxf1 Ba5 26.Ne7+ Kh8 27.Bxg7# 1-0

[Event "It (open) \"]
[Site "masterchessopen.com – Pardubice (Czech Republic)"]
[Round "2"]
[White "Tobyas Miroslav (CZE)"]
[Black "Shmuter Leonid (UKR)"]
[Result "0-1"]
[WhiteElo "2288"]
[BlackElo "2452"]

1.e4 c5 2.Nf3 d6 3.d4 cxd4 4.Nxd4 Nf6 5.Nc3 Nc6 6.Bc4 Qb6 7.Nb3 e6 8.Qe2 Be7
9.g4 d5 10.exd5 exd5 11.Bxd5 Bxg4 12.f3 Nb4 13.fxg4 Nfxd5 14.Nxd5 Nxd5 15.c4
Nb4 16.c5 Qf6 17.a3 Qh4+ 18.Kd1 Qh3 19.Nd2 Nc6 20.b4 O-O-O 21.Rg1 Qb3+ 22.Ke1
Bh4+ 23.Kf1 Qh3+ 24.Qg2 Qd3+ 25.Qe2 Qd4 26.Nb3 Qc3 27.Rb1 Rhe8 {#R} 0-1

[Event "It"]
[Site "masterchessopen.com – Podgorica (Yugoslavia)"]
[Round "5"]
[White "Ivanovic Bozidar (MNE)"]
[Black "Levin Felix (GER)"]
[Result "1-0"]
[WhiteElo "2470"]
[BlackElo "2505"]

1.e4 c5 2.Nf3 d6 3.d4 cxd4 4.Nxd4 Nf6 5.Nc3 Nc6 6.Bc4 Qb6 7.Ndb5 a6 8.Be3 Qa5
9.Nd4 e6 10.O-O Be7 11.Bb3 O-O 12.f4 Bd7 13.Kh1 Rae8 14.Qf3 Qc7 15.f5 Nxd4
16.Bxd4 h6 17.Rae1 b5 18.a3 Qb7 19.Qg3 Kh8 20.fxe6 fxe6 21.e5 dxe5 22.Bxe5 Rg8
23.Qh4 Ref8 24.Ne2 Kh7 25.Nf4 Nd5 26.Bxd5 {#r} 1-0

[Event "It (open)"]
[Site "masterchessopen.com – Sevilla (Spain)"]
[Round "0"]
[White "Martinez Fernando Semprun (ESP)"]
[Black "Spraggett Kevin (CAN)"]
[Result "0-1"]
[WhiteElo "2149"]
[BlackElo "2555"]

1.e4 c5 2.Nf3 d6 3.d4 cxd4 4.Nxd4 Nf6 5.Nc3 Nc6 6.Bc4 Qb6 7.Nxc6 bxc6 8.O-O g6
9.h3 Bg7 10.Re1 O-O 11.Bb3 Bb7 12.e5 dxe5 13.Rxe5 e6 14.Re1 c5 15.Qe2 Rfc8
16.Qb5 Nd5 17.Qxb6 Nxb6 18.a4 c4 19.a5 cxb3 20.axb6 Rxc3 21.bxc3 Bxc3 22.Be3
axb6 23.Rxa8+ Bxa8 24.Rd1 b2 25.f3 Bd5 {#R} 0-1

[Event "It \"]
[Site "masterchessopen.com – Stockholm (Sweden)"]
[Round "4"]
[White "Gramer Kent (SWE)"]
[Black "Sjoberg Mats (SWE)"]
[Result "0-1"]
[WhiteElo "2135"]
[BlackElo "2475"]

1.e4 c5 2.Nf3 Nc6 3.d4 cxd4 4.Nxd4 Nf6 5.Nc3 d6 6.Bc4 Qb6 7.Nb3 e6 8.O-O Be7
9.Be3 Qc7 10.g4 h5 11.g5 Ng4 12.Bf4 a6 13.Be2 g6 14.h3 Nge5 15.Be3 b5 16.f4
Nc4 17.Bxc4 bxc4 18.Nd4 O-O 19.Nxc6 Qxc6 20.f5 exf5 21.Nd5 Bd8 22.Qd4 Bb7
23.Rad1 Re8 24.exf5 Qxd5 25.Qxd5 Bxd5 26.Bf4 Bb6+ {#R} 0-1

[Event "It (open)"]
[Site "masterchessopen.com – Ticino (Switzerland)"]
[Round "5"]
[White "Pietroczuk Roman (POL)"]
[Black "Wirthensohn Heinz (SUI)"]
[Result "0-1"]
[WhiteElo "1974"]
[BlackElo "2359"]

1.e4 c5 2.Nf3 Nc6 3.d4 cxd4 4.Nxd4 Nf6 5.Nc3 d6 6.Bc4 Qb6 7.Nb3 e6 8.Be3 Qc7
9.Qd2 Be7 10.O-O-O a6 11.Be2 b5 12.g4 b4 13.Na4 Nxe4 14.Qd3 Nf6 15.Bb6 Qb7
16.Bf3 Ne5 17.Bxb7 Nxd3+ 18.Rxd3 Bxb7 19.Rg1 Bc6 {#R} 0-1

[Event "It (open)"]
[Site "masterchessopen.com – Warsaw (Poland)"]
[Round "0"]
[White "Dukaczewski Piotr (POL)"]
[Black "Kowalska Elzbieta (POL)"]
[Result "1-0"]
[WhiteElo "2310"]
[BlackElo "1927"]

1.e4 c5 2.Nf3 Nc6 3.d4 cxd4 4.Nxd4 Nf6 5.Nc3 d6 6.Bc4 Bd7 7.Bb3 a6 8.O-O g6
9.Nd5 Bg7 10.Nxf6+ Bxf6 11.g3 O-O 12.f4 Bg7 13.Be3 Na5 14.g4 Nxb3 15.axb3 e5
16.Ne2 Bc6 17.Ng3 exf4 18.Bxf4 Qb6+ 19.Kh1 Bxb2 20.Rb1 Rfe8 21.Re1 Be5 22.Bxe5
Rxe5 23.Qxd6 Rae8 24.Rbd1 f5 25.Rf1 Bxe4+ 26.Nxe4 Qxd6 27.Nxd6 {#r} 1-0

[Event "Ch Yugoslavia (team) (qual)"]
[Site "masterchessopen.com – Yugoslavia"]
[Round "1"]
[White "Dekic Josip (SRB)"]
[Black "Vukovic Zdravko (MNE)"]
[Result "0-1"]
[WhiteElo "2306"]
[BlackElo "2406"]

1.e4 c5 2.Nf3 Nc6 3.d4 cxd4 4.Nxd4 Nf6 5.Nc3 d6 6.Bc4 Qb6 7.Nb3 e6 8.O-O Be7
9.a4 O-O 10.a5 Qc7 11.Bd3 Nb4 12.f4 e5 13.Kh1 Bg4 14.Qe1 Be6 15.Nd2 exf4
16.Rxf4 d5 17.e5 Ng4 18.Nf3 Nc6 19.Qg3 Ngxe5 20.Rh4 Bxh4 21.Bxh7+ Kxh7
22.Qxh4+ Kg8 {#R} 0-1

[Event "Ch Yugoslavia (team) (qual)"]
[Site "masterchessopen.com – Yugoslavia"]
[Round "1"]
[White "Ivanovic Bozidar (MNE)"]
[Black "Leskur Dejan (SRB)"]
[Result "1-0"]
[WhiteElo "2470"]
[BlackElo "2423"]

1.e4 c5 2.Nf3 d6 3.d4 cxd4 4.Nxd4 Nf6 5.Nc3 Nc6 6.Bc4 Qb6 7.Nb3 e6 8.O-O Be7
9.Be3 Qc7 10.f4 a6 11.Bd3 b5 12.Kh1 Bb7 13.Qf3 Rb8 14.Qg3 O-O 15.f5 Ne5 16.Nd4
b4 17.Nce2 Nxe4 18.Bxe4 Bxe4 19.f6 {#r} 1-0

[Event "It (open)"]
[Site "masterchessopen.com – Alcobendas (Spain)"]
[Round "2"]
[White "Rodriguez Roberto (USA)"]
[Black "Armas Jorge (CUB)"]
[Result "0-1"]
[WhiteElo "2295"]
[BlackElo "2465"]

1.e4 c5 2.Nf3 d6 3.d4 cxd4 4.Nxd4 Nf6 5.Nc3 Nc6 6.Bc4 Bd7 7.Bb3 g6 8.f3 Nxd4
9.Qxd4 Bg7 10.Bg5 O-O 11.Qd2 Bc6 12.O-O-O b5 13.h4 a5 14.h5 a4 15.Bd5 Bxd5
16.exd5 b4 17.Ne2 b3 18.cxb3 axb3 19.a3 Qc8+ 20.Nc3 Nxd5 21.Qxd5 Bxc3 22.Kb1
Bxb2 23.Rd2 Bc3 24.Rc1 Rxa3 25.Rb2 Qa8 {#R} 0-1

[Event "Ch Europe (juniors) (under 16) (g)"]
[Site "masterchessopen.com – Baile Herculane (Romania)"]
[Round "7"]
[White "Lakos Nikoletta (HUN)"]
[Black "Tkeshelashvili Sopio (GEO)"]
[Result "0-1"]
[WhiteElo "2278"]
[BlackElo "2276"]

1.e4 c5 2.Nf3 d6 3.d4 cxd4 4.Nxd4 Nf6 5.Nc3 Nc6 6.Bc4 Qb6 7.Nb3 e6 8.Bd3 Be7
9.O-O O-O 10.Kh1 a6 11.f4 Qc7 12.Qe2 b5 13.Bd2 Bb7 14.Rac1 Rfd8 15.e5 Nd7
16.Rf3 g6 17.Rh3 d5 18.f5 Ndxe5 19.Bf4 Bd6 20.fxe6 fxe6 21.Bxb5 Rf8 22.Bxc6
Rxf4 23.Bxb7 Nd7 24.Rf1 Rxf1+ 25.Qxf1 Rf8 26.Qe2 Rf6 27.Nd1 Qxb7 {#R} 0-1

[Event "It (open) \"]
[Site "masterchessopen.com – Berlin (Germany)"]
[Round "0"]
[White "Oparaugo Thomas (NGR)"]
[Black "Solonar Stefan (GER)"]
[Result "0-1"]
[WhiteElo "2109"]
[BlackElo "2400"]

1.e4 c5 2.Nf3 Nc6 3.d4 cxd4 4.Nxd4 Nf6 5.Nc3 d6 6.Bc4 Qb6 7.Nb3 e6 8.Be3 Qc7
9.Nb5 Qd7 10.f3 a6 11.N5d4 Ne5 12.Be2 b5 13.Nd2 Bb7 14.O-O Rc8 15.b3 Rc3
16.Kf2 d5 17.f4 dxe4 18.fxe5 Rxe3 19.Kxe3 Nd5+ 20.Kf2 Nc3 21.Qc1 Qxd4+ 22.Ke1
Qe3 23.Rf2 Bc5 {#R} 0-1

[Event "It (open)"]
[Site "masterchessopen.com – Bled (Slovenia)"]
[Round "8"]
[White "Riegler Primoz (SLO)"]
[Black "Godena Michele (ITA)"]
[Result "0-1"]
[WhiteElo "2250"]
[BlackElo "2485"]

1.e4 c5 2.Nf3 Nc6 3.d4 cxd4 4.Nxd4 Nf6 5.Nc3 d6 6.Bc4 Qb6 7.Nb3 e6 8.Be3 Qc7
9.f4 a6 10.Bd3 b5 11.Qf3 Bb7 12.O-O Be7 13.a4 b4 14.Ne2 Na5 15.Nxa5 Qxa5 16.g4
h6 17.g5 Nd7 18.g6 f5 19.Nd4 Nc5 20.Qh3 O-O 21.Nb3 Nxb3 22.cxb3 Rf6 23.Qh5 Bd8
24.exf5 Qd5 25.Qe2 Rxg6+ {#R} 0-1

[Event "Ch Denmark (team) 1994/95"]
[Site "masterchessopen.com – Denmark"]
[Round "1"]
[White "Fuglsang Flemming (DEN)"]
[Black "Holm Sejer (DEN)"]
[Result "1-0"]
[WhiteElo "2273"]
[BlackElo "2345"]

1.e4 c5 2.Nf3 d6 3.d4 cxd4 4.Nxd4 Nf6 5.Nc3 Nc6 6.Bc4 Qb6 7.Ndb5 a6 8.Be3 Qa5
9.Nd4 e6 10.O-O Be7 11.Bb3 O-O 12.Kh1 Bd7 13.f4 Rac8 14.f5 Nxd4 15.Qxd4 exf5
16.exf5 Bc6 17.Qd2 Rfe8 18.Rae1 Qc7 19.Bd4 Qd8 20.Re3 Ng4 21.Rg3 Ne5 22.Qh6
Bf6 23.Qh5 d5 24.Rh3 h6 25.Rg3 Nc4 26.Bxc4 {#r} 1-0

[Event "It (open)"]
[Site "masterchessopen.com – Ljubljana (Slovenia)"]
[Round "0"]
[White "Ankerst Mihael (SLO)"]
[Black "Kecic Stevan (SLO)"]
[Result "1-0"]
[WhiteElo "2285"]
[BlackElo "2209"]

1.e4 c5 2.Nf3 Nc6 3.d4 cxd4 4.Nxd4 Nf6 5.Nc3 d6 6.Bc4 Bd7 7.Bb3 Qb6 8.Nde2 e6
9.Bg5 Ng4 10.O-O h6 11.Bf4 Nce5 12.h3 g5 13.Bc1 Nf6 14.Be3 Qc7 15.f4 gxf4
16.Nxf4 Be7 17.a4 a6 18.Nfd5 exd5 19.Rxf6 Bxf6 20.Nxd5 Qd8 21.Bb6 Be6 22.Bxd8
Bxd8 23.Qh5 Rc8 24.Rf1 Bxd5 25.Bxd5 Rc7 26.Rf5 Bg5 27.Rxg5 {#r} 1-0

[Event "It (open)"]
[Site "masterchessopen.com – Ljubljana (Slovenia)"]
[Round "6"]
[White "Gallob Josef (AUT)"]
[Black "Povse Martin (SLO)"]
[Result "1-0"]
[WhiteElo "1969"]
[BlackElo "2080"]

1.Nf3 c5 2.e4 Nc6 3.d4 cxd4 4.Nxd4 d6 5.Nc3 Nf6 6.Bc4 a6 7.Nxc6 bxc6 8.e5 Ng8
9.Qf3 e6 10.exd6 Qxd6 11.O-O Nf6 12.Rd1 Nd5 13.Bf4 Qb4 14.Bxd5 cxd5 15.Nxd5
exd5 16.Qxd5 Be7 17.Qc6+ {#r} 1-0

[Event "It (open) \"]
[Site "masterchessopen.com – Mlada Boleslav (Czech Republic)"]
[Round "0"]
[White "Trefny Vlastimil (CZE)"]
[Black "Adamek Zdenek (CZE)"]
[Result "1-0"]
[WhiteElo "2218"]
[BlackElo "2252"]

1.e4 c5 2.Nf3 d6 3.d4 cxd4 4.Nxd4 Nf6 5.Nc3 Nc6 6.Bc4 Qb6 7.Nb3 e6 8.O-O Be7
9.Kh1 O-O 10.f4 Bd7 11.Qe2 Rac8 12.a3 Qc7 13.Bd3 Rfe8 14.Bd2 Bf8 15.g4 g6
16.Rae1 a6 17.Qf3 Bg7 18.Qh3 b5 19.Qh4 b4 20.axb4 Nxb4 21.f5 Nxd3 22.cxd3 exf5
23.gxf5 gxf5 24.Bh6 Bxh6 25.Qxf6 Re6 26.Rg1+ {#r} 1-0

[Event "Olympiad"]
[Site "masterchessopen.com – Moscow (Russia)"]
[Round "12"]
[White "Gdanski Jacek (POL)"]
[Black "Kotronias Vasilios (GRE)"]
[Result "1-0"]
[WhiteElo "2505"]
[BlackElo "2545"]

1.e4 c5 2.Nc3 Nc6 3.Nf3 d6 4.d4 cxd4 5.Nxd4 Nf6 6.Bc4 Qb6 7.Nde2 e6 8.O-O Be7
9.Bb3 O-O 10.Ng3 Rd8 11.Kh1 Na5 12.f4 Nxb3 13.axb3 Qc6 14.Qe2 a6 15.e5 Ne8
16.Nce4 b5 17.c3 a5 18.Be3 Bb7 19.Bd4 b4 20.Rf2 Qd5 21.Qg4 Qxb3 22.Nf6+ Bxf6
23.exf6 a4 24.Re1 Qd5 25.Nh5 Qf5 26.Qxf5 exf5 27.Nxg7 Be4 {#r} 1-0

[Event "Olympiad (w)"]
[Site "masterchessopen.com – Moscow (Russia)"]
[Round "14"]
[White "Sepulveda Laura Alicia (CHI)"]
[Black "Grosar Kiti (SLO)"]
[Result "0-1"]
[WhiteElo "2050"]
[BlackElo "2219"]

1.e4 c5 2.Nf3 d6 3.d4 cxd4 4.Nxd4 Nf6 5.Nc3 Nc6 6.Bc4 Qb6 7.Nde2 e6 8.Bb3 a6
9.Be3 Qc7 10.a4 Be7 11.f3 O-O 12.O-O b6 13.Qe1 Nd7 14.Qg3 Na5 15.Rad1 Kh8
16.Ba2 Bb7 17.Nf4 Nc4 18.Bxc4 Qxc4 19.Nh5 Rg8 20.Bd4 e5 21.Be3 g6 22.Qh3 Nc5
23.Bxc5 Qxc5+ 24.Kh1 Bc8 {#R} 0-1

[Event "It (open)"]
[Site "masterchessopen.com – Orange (France)"]
[Round "7"]
[White "Cordier Francois (FRA)"]
[Black "Guadalpi David (FRA)"]
[Result "0-1"]
[WhiteElo "2116"]
[BlackElo "2326"]

1.e4 c5 2.Nf3 d6 3.d4 cxd4 4.Nxd4 Nf6 5.Nc3 Nc6 6.Bc4 Qb6 7.Ndb5 a6 8.Be3 Qa5
9.Nd4 Ne5 10.Bb3 Nxe4 11.Ba4+ b5 12.Nb3 Nxc3 13.Qd2 Qxa4 14.bxc3 e6 {#R} 0-1

[Event "It (open)"]
[Site "masterchessopen.com – Schwanstetten (Germany)"]
[Round "0"]
[White "Guenther Carsten (GER)"]
[Black "Gross David (GER)"]
[Result "0-1"]
[WhiteElo "2139"]
[BlackElo "2453"]

1.e4 c5 2.Nf3 Nc6 3.d4 cxd4 4.Nxd4 Nf6 5.Nc3 d6 6.Bc4 Qb6 7.Nde2 e6 8.O-O Be7
9.Be3 Qc7 10.Ng3 h5 11.Bf4 a6 12.a4 h4 13.Nge2 Ne5 14.Bxe5 dxe5 15.Bb3 Bd7
16.Nc1 Bc6 17.Qe2 Bb4 18.N1a2 Bc5 19.Rad1 b6 20.Bc4 Qb7 21.Bd3 h3 22.g3 b5
23.b4 Bd4 24.a5 Ke7 25.Nb1 Nxe4 {#R} 0-1

[Event "It (open)"]
[Site "masterchessopen.com – Sevilla (Spain)"]
[Round "7"]
[White "Sion Castro Marcelino (ESP)"]
[Black "Komljenovic Davor (CRO)"]
[Result "0-1"]
[WhiteElo "2380"]
[BlackElo "2465"]

1.e4 c5 2.Nf3 d6 3.d4 cxd4 4.Nxd4 Nf6 5.Nc3 Nc6 6.Bc4 Qb6 7.Nb3 e6 8.Qe2 a6
9.f4 Be7 10.Be3 Qc7 11.O-O-O b5 12.Bd3 Nb4 13.Kb1 Bb7 14.Rhg1 O-O 15.g4 d5
16.e5 Ne4 17.Bxe4 dxe4 18.Qf2 Nd5 19.Nxe4 Rac8 20.Nbc5 Nxe3 21.Rd7 Bxe4
22.Rxc7 Bxc2+ 23.Ka1 Rxc7 24.b4 Rxc5 25.bxc5 Bxc5 {#R} 0-1

[Event "Verbandsliga North 1993/94"]
[Site "masterchessopen.com – Germany"]
[Date "1994.01.16"]
[Round "5"]
[White "Kountz Jochen (GER)"]
[Black "Leibbrand Udo-Manfred (GER)"]
[Result "1-0"]
[WhiteElo "2351"]
[BlackElo "2123"]

1.e4 c5 2.Nf3 Nc6 3.d4 cxd4 4.Nxd4 Nf6 5.Nc3 d6 6.Bc4 Qb6 7.Nb3 e6 8.O-O Be7
9.Bg5 Ne5 10.Be2 a6 11.a4 Bd7 12.a5 Qc7 13.f4 Ng6 14.f5 Ne5 15.Kh1 O-O 16.Qe1
Bc6 17.Nd4 d5 18.Qg3 Kh8 19.fxe6 dxe4 20.Nf5 {#r} 1-0

[Event "Ch Andalucia"]
[Site "masterchessopen.com – Andalucia (Spain)"]
[Round "4"]
[White "Escobar Dominguez D (ESP)"]
[Black "Pariente Lopez Francisco (ESP)"]
[Result "0-1"]
[WhiteElo "2337"]
[BlackElo "2180"]

1.e4 c5 2.Nf3 Nc6 3.d4 cxd4 4.Nxd4 Nf6 5.Nc3 d6 6.Bc4 Qb6 7.Nde2 e6 8.O-O Bd7
9.Bb3 Be7 10.Ng3 h5 11.h3 O-O-O 12.a4 a6 13.a5 Nxa5 14.Be3 Qc7 15.Qd3 Bc6
16.Ba4 d5 17.e5 Nd7 18.f4 d4 19.Bxc6 Nxc6 20.Nge4 Nc5 21.Nxc5 Bxc5 22.Nb5 Qb6
23.Nd6+ Bxd6 24.exd6 dxe3 25.Kh2 Qd4 {#R} 0-1

[Event "Staatsliga 1994/95"]
[Site "masterchessopen.com – Austria"]
[Round "0"]
[White "Felsberger Alfred (AUT)"]
[Black "Kaspret Guido (AUT)"]
[Result "0-1"]
[WhiteElo "2390"]
[BlackElo "2320"]

1.e4 c5 2.Nf3 Nc6 3.d4 cxd4 4.Nxd4 Nf6 5.Nc3 d6 6.Bc4 Bd7 7.O-O g6 8.Re1 Bg7
9.Bg5 O-O 10.Nxc6 Bxc6 11.Qd2 Rc8 12.Bb3 b5 13.a3 a5 14.Bd5 Qb6 15.Bxc6 Qxc6
16.Re2 e6 17.Qd3 b4 18.Nb5 Rcd8 19.axb4 axb4 20.Ra4 Ra8 21.b3 Nd7 22.Na7 Qb7
23.Be3 Nc5 24.Bxc5 dxc5 25.Qa6 Qxa6 26.Rxa6 Rfb8 {#R} 0-1

[Event "Staatsliga B South 1994/95"]
[Site "masterchessopen.com – Austria"]
[Round "11"]
[White "Cigan Stefan (SLO)"]
[Black "Scheck Rudolf (AUT)"]
[Result "1-0"]
[WhiteElo "2370"]
[BlackElo "2147"]

1.e4 c5 2.Nf3 d6 3.d4 cxd4 4.Nxd4 Nf6 5.Nc3 Nc6 6.Bc4 g6 7.Nxc6 bxc6 8.e5 Nd7
9.exd6 exd6 10.O-O Ne5 11.Re1 Be7 12.Bb3 O-O 13.Bf4 Qc7 14.Qe2 Bf5 15.h3 Rad8
16.g4 Bc8 17.Bh6 Bf6 18.Bxf8 Kxf8 19.Ne4 Be7 20.f4 d5 21.fxe5 dxe4 22.Qf2 Bb4
23.Rxe4 Ba5 24.Qf6 Bb6+ 25.Kh1 c5 26.e6 Re8 27.Qh8+ {#r} 1-0

[Event "It (open)"]
[Site "masterchessopen.com – Baunatal (Germany)"]
[Round "3"]
[White "Gundlach Frank (GER)"]
[Black "Moser Klaus Prof Dr (GER)"]
[Result "0-1"]
[WhiteElo "2150"]
[BlackElo "2294"]

1.e4 c5 2.Nf3 d6 3.d4 cxd4 4.Nxd4 Nf6 5.Nc3 Nc6 6.Bc4 Bd7 7.Bb3 a6 8.f4 Qa5
9.Qd3 e6 10.Nxc6 Bxc6 11.O-O Be7 12.f5 e5 13.Bd2 Qc7 14.Rad1 O-O 15.g4 h6
16.Qg3 Rfd8 17.g5 hxg5 18.Bxg5 Kf8 19.Qh3 Ng8 20.f6 Bxf6 21.Bxf6 Nxf6 22.Kh1
Ke7 23.Rxf6 gxf6 24.Bxf7 Qc8 25.Qh7 Rh8 26.Qg6 Qh3 {#R} 0-1

[Event "It \"]
[Site "masterchessopen.com – Belgrade (Yugoslavia)"]
[Round "3"]
[White "Todorovic Goran M (SRB)"]
[Black "Zontakh Andrey (UKR)"]
[Result "0-1"]
[WhiteElo "2465"]
[BlackElo "2460"]

1.e4 c5 2.Nf3 Nc6 3.d4 cxd4 4.Nxd4 Nf6 5.Nc3 d6 6.Bc4 Qb6 7.Be3 Qxb2 8.Ndb5
Qb4 9.Bd5 Qa5 10.Rb1 e6 11.O-O exd5 12.Nxd5 Nxd5 13.exd5 Ne5 14.f4 Bd7 15.Qe2
a6 16.fxe5 axb5 17.Bg5 Be7 18.Bxe7 Kxe7 19.Qh5 dxe5 20.Rxf7+ Kd6 21.Rxg7 Rad8
22.Qg5 Rhe8 23.h3 Kc7 24.Rxh7 Kb8 25.Qf6 Qa3 26.Kh1 Qc5 27.c4 Qxc4 {#R} 0-1

[Event "Ch Germany (juniors) (team)"]
[Site "masterchessopen.com – Binz (Germany)"]
[Round "0"]
[White "Enzmann Steffen (GER)"]
[Black "Buhr Carl Christian (GER)"]
[Result "0-1"]
[WhiteElo "2135"]
[BlackElo "2240"]

1.e4 c5 2.Nf3 d6 3.d4 cxd4 4.Nxd4 Nf6 5.Nc3 Nc6 6.Bc4 Qb6 7.Nb3 e6 8.O-O a6
9.a4 Qc7 10.Be2 b6 11.f4 Be7 12.Bf3 Bb7 13.Be3 O-O 14.g4 Rfe8 15.Bg2 Rab8
16.g5 Nd7 17.Qh5 g6 18.Qh4 Nb4 19.f5 exf5 20.exf5 Bxg2 21.Kxg2 Nxc2 22.Bd4 Ne5
23.fxg6 fxg6 24.Rac1 Qb7+ 25.Ne4 Bxg5 {#R} 0-1

[Event "It (open) \"]
[Site "masterchessopen.com – Buenos Aires (Argentina)"]
[Round "4"]
[White "Munoz Pantoja Miguel (PER)"]
[Black "Langier Daniel (ARG)"]
[Result "0-1"]
[WhiteElo "2290"]
[BlackElo "2395"]

1.e4 c5 2.Nf3 d6 3.d4 cxd4 4.Nxd4 Nf6 5.Nc3 Nc6 6.Bc4 Qb6 7.Nb3 e6 8.O-O Be7
9.Be3 Qc7 10.f4 O-O 11.Qe2 Bd7 12.g4 Nxe4 13.Nxe4 d5 14.Bd3 dxe4 15.Bxe4 f5
16.gxf5 exf5 17.Bd5+ Kh8 18.c3 Rae8 19.Rad1 Rf6 20.Qc4 Bd6 21.Rd3 b5 22.Qxb5
Nb4 {#R} 0-1

[Event "Bayern Oberliga 1994/95"]
[Site "masterchessopen.com – Germany"]
[Round "0"]
[White "Dengler Peter (GER)"]
[Black "Gross David (GER)"]
[Result "1-0"]
[WhiteElo "2234"]
[BlackElo "2240"]

1.e4 c5 2.Nf3 d6 3.d4 cxd4 4.Nxd4 Nf6 5.Nc3 Nc6 6.Bc4 Qb6 7.Nb3 e6 8.O-O Be7
9.Kh1 a6 10.a4 Qc7 11.a5 Nxa5 12.Nxa5 b6 13.e5 dxe5 14.Qf3 bxa5 15.Qxa8 Qxc4
16.Re1 Bb4 17.Ne4 Nd5 18.c3 Be7 19.Rxa5 O-O 20.Qb8 f6 21.Nd6 Bxd6 22.Qxd6 e4
23.Rc5 {#r} 1-0

[Event "Ch World (juniors) (under 16) (g)"]
[Site "masterchessopen.com – Guarapuava (Brazil)"]
[Round "9"]
[White "Kiss Fernanda (HUN)"]
[Black "Tkeshelashvili Sopio (GEO)"]
[Result "0-1"]
[WhiteElo "2130"]
[BlackElo "2155"]

1.e4 c5 2.Nf3 Nc6 3.d4 cxd4 4.Nxd4 Nf6 5.Nc3 d6 6.Bc4 Qb6 7.Nde2 e6 8.O-O a6
9.b3 Be7 10.Bb2 O-O 11.Ng3 Qc7 12.f4 b5 13.Bd3 Bb7 14.Kh1 Rac8 15.a4 b4 16.Nd5
exd5 17.exd5 Nb8 18.Nh5 Qd8 19.Nxg7 Kxg7 20.Qg4+ Kh8 21.Qh4 Rc3 22.Rf3 Rg8
23.Rh3 Rg7 24.Bxc3 bxc3 25.Qf2 Bxd5 26.Rg1 Nc6 {#R} 0-1

[Event "It (open) \"]
[Site "masterchessopen.com – Litomysl (Czech Republic)"]
[Round "6"]
[White "Simacek Pavel (CZE)"]
[Black "Gross Stefan (CZE)"]
[Result "0-1"]
[WhiteElo "2210"]
[BlackElo "2350"]

1.e4 c5 2.Nf3 d6 3.d4 cxd4 4.Nxd4 Nf6 5.Nc3 Nc6 6.Bc4 Qb6 7.Nb3 e6 8.f4 a6
9.Qe2 Qc7 10.Be3 b5 11.Bd3 Be7 12.g4 Rb8 13.Rg1 Nd7 14.Qf2 Nb6 15.a4 Nxa4
16.Nxa4 bxa4 17.Rxa4 Nb4 18.Nd4 Bd7 19.Ra3 Nxd3+ 20.cxd3 d5 21.Ra2 dxe4 {#R}
0-1

[Event "It (open)"]
[Site "masterchessopen.com – Moscow (Russia)"]
[Round "5"]
[White "Saulin Dmitri (RUS)"]
[Black "Dragomarezkij Evgeni (RUS)"]
[Result "0-1"]
[WhiteElo "2345"]
[BlackElo "2475"]

1.e4 c5 2.Nf3 d6 3.d4 cxd4 4.Nxd4 Nf6 5.Nc3 Nc6 6.Bc4 Qb6 7.Nb3 e6 8.Bf4 Ne5
9.Be2 Bd7 10.Be3 Qc7 11.f4 Nc4 12.Bxc4 Qxc4 13.Qf3 Bc6 14.Nd4 Be7 15.O-O-O d5
16.e5 Ne4 17.Nxe4 dxe4 18.Qg3 Qxa2 19.Qxg7 Rf8 20.Nxc6 bxc6 21.Qxh7 Bb4 22.c4
Bc3 {#R} 0-1

[Event "It \"]
[Site "masterchessopen.com – Philadelphia (USA)"]
[Round "1"]
[White "Vegvari Ferenc (HUN)"]
[Black "Atalik Suat (BIH)"]
[Result "0-1"]
[WhiteElo "1787"]
[BlackElo "2525"]

1.e4 c5 2.Nf3 d6 3.d4 cxd4 4.Nxd4 Nf6 5.Nc3 Nc6 6.Bc4 Qb6 7.Nb3 e6 8.Bg5 a6
9.O-O Qc7 10.a4 Be7 11.f4 b6 12.Kh1 Bb7 13.Qe2 O-O 14.Rae1 h6 15.e5 dxe5
16.Bxf6 Bxf6 17.f5 Nd4 18.Nxd4 exd4 19.fxe6 dxc3 20.Rxf6 gxf6 21.e7 Rfc8
22.Qg4+ Kh8 23.Bxf7 cxb2 24.Ba2 b1=Q 25.Bxb1 Rg8 {#R} 0-1

[Event "It"]
[Site "masterchessopen.com – Pozarevac (Yugoslavia)"]
[Round "12"]
[White "Mitrovic Petar (SRB)"]
[Black "Zontakh Andrey (UKR)"]
[Result "0-1"]
[WhiteElo "2380"]
[BlackElo "2460"]

1.e4 c5 2.Nf3 Nc6 3.d4 cxd4 4.Nxd4 Nf6 5.Nc3 d6 6.Bc4 Qb6 7.Nb3 e6 8.Bg5 Ne5
9.Be2 Be7 10.O-O O-O 11.Kh1 Bd7 12.f4 Ng6 13.e5 Ne8 14.Bxe7 Nxe7 15.Qd3 Bc6
16.Qh3 f5 17.exf6 Rxf6 18.Bc4 Rh6 19.Qd3 Rg6 20.Rg1 d5 21.Bb5 Nf5 {#R} 0-1